| 000 | 00570nam a2200181Ia 4500 | ||
|---|---|---|---|
| 005 | 20260601193226.0 | ||
| 008 | 260601s9999||||xx |||||||||||||| ||und|| | ||
| 020 |
_a978-981-99-6460-4 _qebk |
||
| 100 | _aWei Li | ||
| 245 | 0 | _aR-Calculus, V: Description Logics | |
| 250 | _a2024 | ||
| 260 |
_aHeidelberg, Germany _bSpringer Nature _c2024 |
||
| 440 | _aPerspectives in Formal Induction, Revision and Evolution | ||
| 650 | _aComputer Science | ||
| 700 | _aYuefei Sui | ||
| 856 | _uhttps://link.springer.com/openurl?genre=book&isbn=978-981-99-6460-4 | ||
| 942 |
_cEB _2ddc |
||
| 999 |
_c55950 _d55950 |
||